00552 2200229 4500001002100000005001500021035002000036007000300056008004100059020001800100082000800118084001400126245003900140250000600179260003100185300003200216650001100248700001900259110001400278856001400292990001600306INLIS00000000000040920221029104953 a0010-1022000044ta221029 d f ind  a9786020385938 a523 a523 TER k1 aKomet /cTere Liye; Diena Yashinta a- aJakarta :bGramedia,c2018 a384 hlm :bIlus ;c20 cme- 4aBahasa0 aDiena Yashinta0 aTere Liye a523 TER k a4589/P-2022